书目信息 |
| 题名: |
大学政治理论课词典
|
|
| 作者: | 张传凯 , 宗楼 主编 ;马建等副 主编 | |
| 分册: | ||
| 出版信息: | 南京 南京大学出版社 1989.03 |
|
| 页数: | 614页 | |
| 开本: | 21cm | |
| 丛书名: | ||
| 单 册: | ||
| 中图分类: | D0-61 | |
| 科图分类: | ||
| 主题词: | 政治理论--词典 | |
| 电子资源: | ||
| ISBN: | 7-305-00263-1 | |
| 000 | 00676nam0 2200217 45 | |
| 001 | 0503240958 | |
| 005 | 20050324110538.8 | |
| 010 | @a7-305-00263-1@b精装@dCNY8.50 | |
| 100 | @a20050324d1989 km y0chiy0120 ea | |
| 101 | 0 | @achi |
| 105 | @a z 000yy | |
| 200 | 1 | @a大学政治理论课词典@ADa Xue Zheng Zhi Li Lun Ke Ci Dian@f张传凯,宗楼主编@FZhang Chuan Kai,Zong Lou Zhu Bian@g马建等副主编 |
| 210 | @a南京@c南京大学出版社@d1989.03 | |
| 215 | @a614页@d21cm | |
| 606 | 0 | @a政治理论@x词典 |
| 690 | @aD0-61@v3 | |
| 701 | 0 | @a张传凯@4主编 |
| 701 | 0 | @a宗楼@4主编 |
| 702 | 0 | @a马建等副@AMa Jian Deng Fu@4主编 |
| 801 | @aCN@bPftUser@c20050324 | |
| 905 | @f2@b254414-415@dD0-61@e80 | |
| 大学政治理论课词典/张传凯,宗楼主编/马建等副主编.-南京:南京大学出版社,1989.03 |
| 614页;21cm |
| ISBN 7-305-00263-1(精装):CNY8.50 |
| ● |
| 相关链接 |
|
|
|
|
正题名:大学政治理论课词典
索取号:D0-61/80
 
预约/预借
| 序号 | 登录号 | 条形码 | 馆藏地/架位号 | 状态 | 备注 |
| 1 | 0254413 | 002044558 | 第一样本阅览室/ [索取号:D0-61/80] | 在馆 | |
| 2 | 0254414 | 001021584 | 工具书阅览室/ [索取号:D0-61/80] | 在馆 | |
| 3 | 0254415 | 001021593 | 密集书库/ [索取号:D0-61/80] | 在馆 |